العلمنة المعاصرة .. بين ديننا ودنيانا / (Record no. 80278)

MARC details
000 -LEADER
fixed length control field 00592nam a22001937a 4500
005 - DATE AND TIME OF LATEST TRANSACTION
control field 20251108172455.0
008 - FIXED-LENGTH DATA ELEMENTS--GENERAL INFORMATION
fixed length control field 250721s1997 xx 000 0 ara d
082 14 - DEWEY DECIMAL CLASSIFICATION NUMBER
Classification number 201.6/فرح
100 1# - MAIN ENTRY--PERSONAL NAME
Personal name فرح، سهيل
Relator term مؤلف
245 10 - TITLE STATEMENT
Title العلمنة المعاصرة .. بين ديننا ودنيانا /
264 1# - PRODUCTION, PUBLICATION, DISTRIBUTION, MANUFACTURE, AND COPYRIGHT NOTICE
Place of production, publication, distribution, manufacture الدار البيضاء :
Name of producer, publisher, distributor, manufacturer المركز الثقافي العربي،
Date of production, publication, distribution, manufacture, or copyright notice 1997.
300 ## - PHYSICAL DESCRIPTION
Extent 143ص.
650 17 - SUBJECT ADDED ENTRY--TOPICAL TERM
Topical term or geographic name as entry element الالحاد
650 17 - SUBJECT ADDED ENTRY--TOPICAL TERM
Topical term or geographic name as entry element العلمانية
650 17 - SUBJECT ADDED ENTRY--TOPICAL TERM
Topical term or geographic name as entry element المسيحية
650 17 - SUBJECT ADDED ENTRY--TOPICAL TERM
Topical term or geographic name as entry element الإسلام
942 ## - ADDED ENTRY ELEMENTS (KOHA)
Source of classification or shelving scheme Dewey Decimal Classification
Koha item type Books
Holdings
حالة السحب حالة الفقدان مصدر التصنيف حالة التلف غير قابل للإعارة المكتبة الرئيسية المكتبة الحالية موقع الرف تاريخ التزويد الرقم المتسلسل Total Checkouts رقم الإستدعاء الباركود تاريخ آخر ظهور تاريخ الفاتورة نوع المادة (كوها)
    Dewey Decimal Classification     المكتبة المركزية المكتبة المركزية الإعارة 12/03/2014 1567426   201.6/فرح PLD00294988 28/07/2025 12/03/2014 Books
Implemented & Customized by: BBB with SCIT (Smart Chains for Information Technology)

Powered by Koha